000 01203nam a2200265 i 4500
001 104910
003 ES-MaACL
005 20240312062541.0
007 t|
008 060524q1911 sp |||| | spa d
080 _a78(460)
100 1 _aVillar, Rogelio del.
_9115081
245 1 3 _aLa música y los músicos españoles contemporáneos
_b: conferencias leídas en el Ateneo de Madrid /
_cRogelio Villar.
260 _aSan Sebastián :
_bCasa Erviti,
_c[ca. 1911]
300 _a51 p. ;
_c19 cm.
505 8 _aContiene: Tema de la 1ª conferencia ;
_tDe la música y de los músicos españoles contemporáneos - Tema de la 2ª conferencia ;
_tInfluencia del "dilettantismo"
530 _aDisponible en formato digital.
594 _aConferencias dadas en el Ateneo de Madrid los días 22 y 26 de diciembre de 1911.
594 _aConferencias organizadas por el Ministerio de Instrucción Pública y Bellas Artes.
610 2 4 _aAteneo de Madrid-
_vConferencias-
_y1900-1939
_91907
650 4 _aMúsica española-
_yS.XIX.
_915407
852 _aES-MaACL
_jT-1328-F-1
856 _uhttp://bdh-rd.bne.es/viewer.vm?id=0000228083&page=1
_zBiblioteca Digital Hispánica
999 _c104910
_d104910